[Event "Niedersachsen-ch U18"]
[Site "Rotenburg/Wuemme"]
[Date "2006.04.13"]
[Round "9"]
[White "Lachmund, Delf"]
[Black "Kaphle, Sebastian"]
[Result "0-1"]
[WhiteElo "2109"]
[BlackElo "2064"]
[PlyCount "22"]
[EventDate "2006.04.08"]
[EventType "swiss"]
[EventRounds "9"]
[EventCountry "GER"]
[SourceTitle "EXT 2007"]
[Source "ChessBase"]
[SourceDate "2006.11.23"]
[SourceVersion "1"]
[SourceVersionDate "2006.11.23"]
[SourceQuality "1"]

1. e4 c5 2. Nf3 e6 3. d4 cxd4 4. Nxd4 a6 5. Bd3 Qc7 6. 0-0 b5 7. a4 b4 8. Kh1 Bb7 9. f4 d6 10. Nd2 Nd7 11. b3 Qc3 0-1

[Event "Niedersachsen-ch U18"]
[Site "Rotenburg/Wuemme"]
[Date "2006.04.11"]
[Round "5"]
[White "Kaphle, Stephan"]
[Black "Lachmund, Delf"]
[Result "1/2-1/2"]
[WhiteElo "2020"]
[BlackElo "2109"]
[PlyCount "86"]
[EventDate "2006.04.08"]
[EventType "swiss"]
[EventRounds "9"]
[EventCountry "GER"]
[SourceTitle "EXT 2007"]
[Source "ChessBase"]
[SourceDate "2006.11.23"]
[SourceVersion "1"]
[SourceVersionDate "2006.11.23"]
[SourceQuality "1"]

1. e4 c5 2. Nf3 Nc6 3. d4 cxd4 4. Nxd4 Nf6 5. Nc3 e5 6. Ndb5 d6 7. Bg5 a6 8. Na3 b5 9. Nd5 Be7 10. Bxf6 Bxf6 11. c3 Bg5 12. Nc2 0-0 13. a4 bxa4 14. Rxa4 a5 15. Bc4 Rb8 16. b3 Kh8 17. 0-0 g6 18. b4 Bd7 19. Qa1 axb4 20. Ncxb4 f5 21. exf5 gxf5 22. Ra6 Nxb4 23. cxb4 Bb5 24. Bxb5 Rxb5 25. Rd1 f4 26. Qa4 Rb7 27. Qc6 Rd7 28. f3 Qc8 29. b5 Rg7 30. Qxc8 Rxc8 31. Rxd6 Be7 32. Nxe7 Rxe7 33. b6 Rb8 34. Rd8+ Rxd8 35. Rxd8+ Kg7 36. Kf2 Kf6 37. Ke2 Ke6 38. Kd3 Rb7 39. Rh8 Kf6 40. Kc4 Rxb6 41. Rxh7 Rb2 42. g3 fxg3 43. hxg3 Rf2 1/2-1/2

[Event "Niedersachsen-ch U18"]
[Site "Rotenburg/Wuemme"]
[Date "2006.04.10"]
[Round "4"]
[White "Lachmund, Delf"]
[Black "Holloway, Timo"]
[Result "1/2-1/2"]
[WhiteElo "2109"]
[BlackElo "2012"]
[PlyCount "56"]
[EventDate "2006.04.08"]
[EventType "swiss"]
[EventRounds "9"]
[EventCountry "GER"]
[SourceTitle "EXT 2007"]
[Source "ChessBase"]
[SourceDate "2006.11.23"]
[SourceVersion "1"]
[SourceVersionDate "2006.11.23"]
[SourceQuality "1"]

1. e4 c5 2. Nf3 Nc6 3. d4 cxd4 4. Nxd4 g6 5. c4 Bg7 6. Nc2 Nf6 7. Nc3 d6 8. Be2 0-0 9. 0-0 Nd7 10. Bd2 a5 11. Rb1 Nc5 12. f3 f5 13. Ne3 Nd4 14. b3 b6 15. exf5 Nxf5 16. Nb5 Nxe3 17. Bxe3 Bf5 18. Qd5+ e6 19. Qxd6 Qxd6 20. Nxd6 Bxb1 21. Rxb1 Rfd8 22. Nb5 Kf7 23. Bd1 Rd3 24. Kf2 Rad8 25. Ke2 R3d7 26. Bc2 Be5 27. g3 Rc8 28. a3 Rc6 1/2-1/2

[Event "Niedersachsen-ch U18"]
[Site "Rotenburg/Wuemme"]
[Date "2006.04.09"]
[Round "3"]
[White "Lachmund, Delf"]
[Black "Kleinschmidt, Rene"]
[Result "1/2-1/2"]
[WhiteElo "2109"]
[BlackElo "1717"]
[PlyCount "77"]
[EventDate "2006.04.08"]
[EventType "swiss"]
[EventRounds "9"]
[EventCountry "GER"]
[SourceTitle "EXT 2007"]
[Source "ChessBase"]
[SourceDate "2006.11.23"]
[SourceVersion "1"]
[SourceVersionDate "2006.11.23"]
[SourceQuality "1"]

1. e4 c5 2. Nf3 Nc6 3. d4 cxd4 4. Nxd4 g6 5. c4 Bg7 6. Nc2 Nf6 7. Nc3 0-0 8. Be2 d6 9. 0-0 Bd7 10. Be3 a6 11. f3 Ne5 12. Na3 Rc8 13. Rc1 Bc6 14. b4 Bd7 15. Qb3 Be6 16. Nd5 Nfd7 17. Nf4 Bh6 18. Nxe6 Bxe3+ 19. Qxe3 fxe6 20. Qb3 Nc6 21. Nc2 Qb6+ 22. c5 Qd8 23. Qxe6+ Kg7 24. cxd6 Rf6 25. Qb3 Rxd6 26. Rcd1 Qb6+ 27. Kh1 Qc7 28. Rxd6 Qxd6 29. Rd1 Qc7 30. Nd4 Nxd4 31. Rxd4 Ne5 32. Rd1 Qc2 33. Qe3 Qxa2 34. Bf1 Qb2 35. Qg5 Nc6 36. b5 axb5 37. Qxb5 Qxb5 38. Bxb5 e5 39. h4 1/2-1/2

[Event "Niedersachsen-ch"]
[Site "Verden"]
[Date "2006.01.06"]
[Round "4"]
[White "Lachmund, Delf"]
[Black "Biesel, Michael"]
[Result "1/2-1/2"]
[WhiteElo "2120"]
[BlackElo "1796"]
[PlyCount "28"]
[EventDate "2006.01.??"]
[EventType "swiss"]
[EventRounds "7"]
[EventCountry "GER"]
[SourceTitle "CBM 110 Extra"]
[Source "ChessBase"]
[SourceDate "2006.03.10"]
[SourceVersion "2"]
[SourceVersionDate "2006.03.10"]
[SourceQuality "1"]

1. e4 c6 2. d4 d5 3. e5 Bf5 4. Nc3 e6 5. g4 Bg6 6. Nge2 Bb4 7. Bd2 f6 8. Nf4 Bf7 9. Nd3 Bxc3 10. Bxc3 a5 11. Qe2 Ne7 12. exf6 gxf6 13. Nf4 Qd6 14. Nh5 Nd7 1/2-1/2

[Event "Niedersachsen-ch"]
[Site "Verden"]
[Date "2004.01.02"]
[Round "1.3"]
[White "Cevik, Dietmar"]
[Black "Lachmund, Delf"]
[Result "1/2-1/2"]
[WhiteElo "2255"]
[BlackElo "1698"]
[PlyCount "87"]
[EventDate "2004.01.02"]
[EventType "swiss"]
[EventRounds "7"]
[EventCountry "GER"]
[SourceTitle "EXT 2005"]
[Source "ChessBase"]
[SourceDate "2004.11.15"]
[SourceVersion "1"]
[SourceVersionDate "2004.11.15"]
[SourceQuality "1"]

1. d4 Nf6 2. Nf3 e6 3. g3 c5 4. Bg2 Nc6 5. 0-0 b6 6. Bg5 d5 7. c4 Be7 8. dxc5 bxc5 9. Nc3 0-0 10. cxd5 Nxd5 11. Bxe7 Ncxe7 12. Ne4 Qa5 13. Qc2 Ba6 14. Neg5 Nf6 15. Ne5 Rad8 16. Rfd1 Rxd1+ 17. Rxd1 h6 18. Ne4 Ned5 19. a3 Nxe4 20. Bxe4 Nf6 21. Bf3 Rd8 22. Rxd8+ Qxd8 23. Nc6 Qb6 24. a4 Bb7 25. a5 Qb5 26. Nxa7 Qxa5 27. Bxb7 Qxa7 28. Qb3 c4 29. Qb5 c3 30. bxc3 Qa1+ 31. Kg2 Qxc3 32. h3 Qd4 33. e3 Qd2 34. e4 Qd4 35. Qc6 Qe5 36. Qc8+ Kh7 37. Qc2 Kg8 38. f4 Qd4 39. Bc6 Qe3 40. e5 Nd5 41. Bxd5 exd5 42. Qc8+ Kh7 43. Qf5+ Kg8 44. Qc8+ 1/2-1/2

[Event "Niedersachsen-chT U16"]
[Site "Verden"]
[Date "2001.05.26"]
[Round "6.2"]
[White "Lachmund, Delf"]
[Black "Seeger, Franziska"]
[Result "1/2-1/2"]
[WhiteElo "1043"]
[BlackElo "1555"]
[PlyCount "112"]
[EventDate "2001.05.??"]
[EventType "team"]
[EventRounds "7"]
[EventCountry "GER"]
[SourceTitle "EXT 2003"]
[Source "ChessBase"]
[SourceDate "2002.11.25"]
[SourceVersion "1"]
[SourceVersionDate "2002.11.25"]
[SourceQuality "1"]

1. Nf3 d5 2. d4 Nf6 3. g3 e6 4. Bg2 Be7 5. 0-0 0-0 6. b3 b6 7. Bb2 Nbd7 8. Nbd2 Bb7 9. c4 Rc8 10. Qc2 c5 11. e3 Re8 12. Rac1 Nf8 13. Rfd1 Ng6 14. Ne1 h5 15. e4 dxe4 16. Nxe4 Nxe4 17. Bxe4 Bxe4 18. Qxe4 Qc7 19. Rd3 Bf6 20. Rcd1 Rcd8 21. R1d2 cxd4 22. Bxd4 Bxd4 23. Rxd4 Rxd4 24. Qxd4 Re7 25. Qd8+ Qxd8 26. Rxd8+ Kh7 27. f4 h4 28. Nf3 hxg3 29. hxg3 f6 30. Kf2 e5 31. fxe5 fxe5 32. Ng5+ Kh6 33. Ne4 Kh5 34. Ke2 Kg4 35. Ke3 Rf7 36. Ke2 Nf8 37. Re8 Ng6 38. Rd8 Nf8 39. Re8 Nd7 40. Rh8 Re7 41. Rh4+ Kf5 42. Nd6+ Ke6 43. Nc8 Re8 44. Nxa7 Ra8 45. Nb5 Rxa2+ 46. Kd3 Rf2 47. Rg4 Kf6 48. b4 g5 49. Re4 Rb2 50. Kc3 Rg2 51. g4 Rg3+ 52. Kc2 Rf3 53. Nc7 Ke7 54. c5 bxc5 55. bxc5 Rf2+ 56. Kd1 Nxc5 1/2-1/2

[Event "Niedersachsen-chT U16"]
[Site "Verden"]
[Date "2001.05.26"]
[Round "5.2"]
[White "Luther, Kai"]
[Black "Lachmund, Delf"]
[Result "0-1"]
[WhiteElo "1191"]
[BlackElo "1043"]
[PlyCount "78"]
[EventDate "2001.05.??"]
[EventType "team"]
[EventRounds "7"]
[EventCountry "GER"]
[SourceTitle "EXT 2003"]
[Source "ChessBase"]
[SourceDate "2002.11.25"]
[SourceVersion "1"]
[SourceVersionDate "2002.11.25"]
[SourceQuality "1"]

1. e4 e6 2. d4 d5 3. e5 c5 4. c3 Nc6 5. Nf3 Qb6 6. a3 a5 7. Be2 Nh6 8. Bd3 c4 9. Bc2 Nf5 10. Bxf5 exf5 11. Nbd2 a4 12. 0-0 Be7 13. Re1 0-0 14. Rb1 Bd7 15. Re2 Na5 16. h3 Qg6 17. Qe1 f4 18. Ra1 Bxh3 19. g3 fxg3 20. fxg3 Bg4 21. Kg2 Bxf3+ 22. Nxf3 Nb3 23. Ra2 Qb1 24. Bg5 Qxa2 25. Bxe7 Rfe8 26. Bh4 Qa1 27. Qf2 Qb1 28. Rc2 Na1 29. Re2 Qg6 30. Ng5 h6 31. Nh3 Qg4 32. Nf4 Qd7 33. Qe1 Nb3 34. e6 fxe6 35. Nxe6 g5 36. Bxg5 hxg5 37. Nc7 Rxe2+ 38. Qxe2 Qxc7 39. Qe6+ Qf7 0-1

[Event "Niedersachsen-chT U16"]
[Site "Verden"]
[Date "2001.05.25"]
[Round "4.2"]
[White "Lachmund, Delf"]
[Black "Romakin, Helene"]
[Result "0-1"]
[WhiteElo "1043"]
[BlackElo "1518"]
[PlyCount "80"]
[EventDate "2001.05.??"]
[EventType "team"]
[EventRounds "7"]
[EventCountry "GER"]
[SourceTitle "EXT 2003"]
[Source "ChessBase"]
[SourceDate "2002.11.25"]
[SourceVersion "1"]
[SourceVersionDate "2002.11.25"]
[SourceQuality "1"]

1. Nf3 e6 2. d4 d5 3. e3 Nf6 4. Bd3 Bd6 5. 0-0 0-0 6. Nc3 b6 7. b3 Bb7 8. Bb2 Nbd7 9. Ne2 Rc8 10. Ng3 c5 11. c4 dxc4 12. bxc4 Qc7 13. Rc1 Rfd8 14. Qe2 Be7 15. Rfd1 Nb8 16. Kf1 cxd4 17. exd4 Nc6 18. Ne5 Nb4 19. a3 Nxd3 20. Nxd3 Ba6 21. Ne5 Qb7 22. Kg1 Rc7 23. Qc2 Rdc8 24. Rd3 Nd7 25. Nxd7 Rxd7 26. Nf1 Bxc4 27. Rc3 b5 28. Ne3 Rdc7 29. a4 a6 30. axb5 axb5 31. Nxc4 Rxc4 32. Rxc4 Rxc4 33. Qb3 Qd5 34. Rxc4 Qxc4 35. Qg3 Qc2 36. h3 Qxb2 37. Qb8+ Bf8 38. Qd8 b4 39. Qb8 b3 40. Kh2 Qc2 0-1

[Event "Niedersachsen-chT U16"]
[Site "Verden"]
[Date "2001.05.24"]
[Round "2.2"]
[White "Foerster, Tobias"]
[Black "Lachmund, Delf"]
[Result "1-0"]
[WhiteElo "1653"]
[BlackElo "1043"]
[PlyCount "95"]
[EventDate "2001.05.??"]
[EventType "team"]
[EventRounds "7"]
[EventCountry "GER"]
[SourceTitle "EXT 2003"]
[Source "ChessBase"]
[SourceDate "2002.11.25"]
[SourceVersion "1"]
[SourceVersionDate "2002.11.25"]
[SourceQuality "1"]

1. a3 Nf6 2. c4 g6 3. Nc3 Bg7 4. Nf3 0-0 5. d4 d6 6. g3 Bf5 7. Bg2 c5 8. dxc5 dxc5 9. Qb3 Qb6 10. Qxb6 axb6 11. Ne5 Nc6 12. Nxc6 bxc6 13. Bxc6 Rad8 14. Bd5 Bc2 15. Bf4 Nxd5 16. Nxd5 e6 17. Ne3 Bxb2 18. Nxc2 Bxa1 19. Nxa1 Rd4 20. 0-0 Rxc4 21. Rb1 Rd8 22. Nb3 Rd7 23. Be5 Re4 24. Bf6 Rxe2 25. Nxc5 Rd6 26. Nd7 e5 27. Rxb6 Rxb6 28. Nxb6 Ra2 29. a4 Rb2 30. a5 Ra2 31. Nc4 Ra4 32. Nxe5 Rxa5 33. Kg2 Ra6 34. Bd8 f6 35. Ng4 f5 36. Ne5 Re6 37. f4 Re8 38. Bb6 Rb8 39. Bd4 Rb4 40. Nf3 Rc4 41. h4 Rc2+ 42. Kh3 Ra2 43. h5 gxh5 44. Nh4 Ra5 45. Be5 Kf7 46. Nxf5 Kg6 47. Nd6 Ra2 48. f5+ 1-0